Kolejowo-Mikolski Test Wiedzy! - Statystyki

Ogólne statystyki
  • Ten quiz został rozwiązany 168 razy
  • Średni wynik to 8 z 15
Statystyki odpowiedzi
Zagadnienie Odpowiedź % Poprawnych
Rozwiń skrót EP Elektryczna Pasażerska
96%
Ile wynosiła rekordowa prędkość jakiegokolwiek pociągu na Polskich torach? 293
75%
Na jaki pociąg potocznie mówi się "Rodzyn" Na EP09-046
70%
Ile zostało wyprodukowanych EP09 tzw. "Epok" 47
68%
Jaka była największa katastrofa kolejowa w powojennej Polsce? Otłoczyn
68%
Gdzie znajduję się najdłuższy most kolejowy w Polsce? W Tczewie
68%
Na jaki pociąg mówi się "Świnia" EP08-001
67%
Jaki pociąg nosił nazwę "Szpinak" EP07-174
62%
Gdzie zaczyna się i kończy CMK? Zawiercie - Warszawa
60%
Ile zostało wyprodukowanych ET22 tzw. "Byków" 1183
55%
Ile zostało wyprodukowanych EN57? Ok. 1500
53%
Jaki skrót ma pociąg oczekujący naprawy rewizyjnej ? OR
43%
W którym roku został wprowadzony system RADIOSTOP 1987
33%
Dworzec z największą ilością peronów w Polsce to stacja? Warszawa Centralna
11%
Ile KM wynosi najdłuższa KRAJOWA trasa pociągiem w Polsce? 997
7%
Nie znaleziono quizów pasujących do podanych kryteriów
Rozkład punktacji
Procent ludzi z każdym wynikiem
Percentyl według liczby udzielonych odpowiedzi
Twoja historia wyników
Nie rozwiązałeś tego quizu